| 000 | 00581nam a22001937a 4500 | ||
|---|---|---|---|
| 005 | 20260420075937.0 | ||
| 008 | 260420b |||||||| |||| 00| 0 eng d | ||
| 020 |
_a978-81-995083-4-7 _c350.00 |
||
| 040 | _aMAIN | ||
| 041 | _aasm | ||
| 082 |
_a323 _bGOH. |
||
| 100 |
_aGohain, Nabin. _dBora, Pankaj. |
||
| 245 |
_aতুলনামূলক প্ৰেক্ষাপটত মানৱ অধিকাৰ _cBy Nabin Gohain . |
||
| 250 | _a1st ed. | ||
| 260 |
_aJorhat : _bBidya Bhawan ; _c2025. |
||
| 300 | _a408p. | ||
| 650 | _aPolitical Science . | ||
| 942 |
_2ddc _cBK |
||
| 999 |
_c16375 _d16375 |
||